Titres DTF - Statistiques

Statistiques générales
  • Ce quiz a été pris 197 fois
  • Le résultat moyen est 33 sur 98
Statistiques - réponses
Hint Réponse % Correct
50 On ira où ?
76%
61 100 rêves
74%
44 Dans la ville (ft NOS)
73%
36 Me Gusta
68%
17 Dans la savane
65%
70 Baddack (ft Ademo)
62%
24 Boyz
61%
41 Coco
61%
74 Cosmonaute
61%
27 Lei Lei
61%
40 Atlas
59%
80 Comme tu veux
58%
2 G.A.G
58%
34 Kira
58%
4 Je t'emmène
53%
33 Life
50%
58 Avant de partir (ft NOS)
49%
82 Chat noir
47%
62 Coco Cuba
47%
52 Maria
46%
31 Jusqu'ici tout va bien
45%
32 Sauvage
45%
20 Avec le coeur
43%
51 Baida
43%
30 Croco
43%
8 Marbella (ft Moha MMZ)
43%
19 Black Moon
42%
94 Les princes
42%
35 Trou de boulette
42%
42 Veni qui
42%
89 Veni qui
42%
3 Bilan
41%
47 Funky Drugs
41%
29 J'ai
41%
1 Holà
39%
22 S'en aller
39%
9 Eh la miss
38%
28 Parano
38%
10 Essouflé
36%
6 Samouraï
36%
53 Allô le monde
35%
14 Bad boy
35%
23 Business Now
35%
21 Dans ma fonce
35%
18 Je vois
35%
49 Biko
34%
15 Chouf
32%
54 Comme un fou
32%
16 Bibi
31%
7 Paraît-il
31%
13 Bizarre
30%
26 Cruel
30%
60 Elle a
30%
5 Matrixé
30%
45 Mon gamos
30%
43 Kush
28%
79 Pas d'câlin
28%
12 Bourbier
27%
55 Dans mon nuage
27%
56 Le ciel est la limite
27%
88 Bah alors
26%
71 Mauvais
26%
25 Pas le choix
26%
87 Pyromane
26%
81 Fais pas semblant
24%
92 Sanji
24%
38 Wey
24%
63 Hall Star
23%
69 Rue de la fortune
23%
48 Wesh la rue
23%
78 Dans le sac à dos
22%
76 La dalle
22%
90 Moi ça m'ira
22%
65 Ouais
22%
39 Dans la zone
20%
67 Je t'ai menti
20%
64 La chanson
20%
68 La dernière
20%
85 Sans le savoir
20%
46 La base
19%
84 Liberta
19%
73 J'ai vu
18%
37 J'hésite
18%
72 Ma loca
18%
66 Neptune de miel
18%
77 Immortel
16%
57 J'abuse
16%
11 Je m'en vais
16%
59 La vida
16%
91 Le boulot
15%
83 Qui se rappelle ?
14%
93 185 (ft IGD Gang)
12%
75 Dans le noir
12%
86 Tamagotchi
12%
96 Bats les reins
9%
98 Lovés
9%
97 Oh oui
8%
95 Wesh Igo
5%
Aucun quiz correspondant
Distribution des résultats
% des personnes avec chaque résultat
Percentile par nombre de réponses
Votre historique - résultats
Vous n’avez pas pris ce quiz